00998cam a22002531a 4500001001300000003000400013005001700017008004100034010001700075035001900092040004800111042001200159050002600171051002300197100004600220245005800266260003800324300002500362490009300387500019400480504003000674650002500704650001500729e 30000235 DLC20260227111220.0830201s1930 dcu b f000 0 eng c ae 30000235  a(OCoLC)9180866 aU.S. Off. of Educ. LibrarycABAUdABAUdDLC apremarc00aL111b.A6 1930 no. 12 aLB2806.5b.A6 19301 aAbel, James F.q(James Frederick),d1878-10aNational ministries of education /cby James F. Abel. aWashington :bU.S. G.P.O.,c1930. aix, 158 p. ;c23 cm.0 aBulletin / United States Department of the Interior, Office of Education ;v1930, no. 12 a"This manuscript consists of chapters taken from the thesis ... submitted in partial fulfillment of the requirements for the degree of doctor of philosophy at George Washington University." aBibliography: p. 151-158. 0aEducation and state. 0aEducation.